000
00173 a2200097 4500
020
_a
051488007999
041
_a
eng
100
_a
Arthur Dorros
245
_a
Abuela
942
_c
BK
999
_c
292
_d
292